000 00558nam a2200229Ia 4500
003 OSt
005 20220918210851.0
006 a|||||r|||| 00| 0
007 ta
008 220917b |||||||| |||| 00| 0 eng d
024 _a122,448
037 _cTextual
040 _aARTS
_cARTS
_beng
041 _2eng
_aeng
082 _aW, K3
100 _aRoy Naresh Chandra
245 0 _aPrinciples of political science
260 _c1963
650 _aPOLITICAL SCIENCE
942 _hW, K3
_cTEXL
_2CC
999 _c245640
_d245640